000 00714nam a2200241 i 4500
001 bg
100 1 _aJOCHYM-KUSZLIK, Ludwika
_d(1953- )
245 1 0 _aRosyjsko-polski słownik handlowy /
_cLudwika Jochym-Kuszlikowa, Elżbieta Kossakowska.
260 _aWarszawa ;
_aKraków :
_bWydaw. Naukowe PWN,
_c1996.
300 _aXIII, [1], 652, [4] s. ;
_c22 cm.
504 _aBibliogr. s. 650-652.
650 9 _aHandel
650 9 _aSłownik rosyjsko-polski
655 _aSłowniki
700 1 _aKOSSAKOWSKA, Elżbieta
020 _a8301120932
040 _cBPK
041 0 _aplru
080 _a339.1(038)=161.1=162.1
920 _a83-01-12093-2
942 _cKS
008 s pl f |000 0 pol
999 _c34266
_d34266
856 _uhttp://koha.tu.koszalin.pl/cgi-bin/koha/opac-detail.pl?biblionumber=34266
_yKatalog online BPK